000 00924nam a2200241Ia 4500
003 Ost
005 20260507075731.0
008 260507s9999||||xx |||||||||||||| ||und||
040 _cfsecg
041 _aara
082 _a659.1
100 _eمؤلف
245 0 _aالاعلان /
260 _aالاسكندرية:
_bمؤسسة شباب الجامعية,
_c1992
300 _a110 صفحة؛
_bإيضاحات ؛
_c24 سم
504 _aبيبليوغرافيا : ص.109-110
520 _aمفهوم و اهمية الاعلان ، دور الاعلان في تنمية الانشطةالتجارية والخدمية، الدعوى الاعلانية، تخطيط و اخراج الاعلان، وسائل الاعلان ،وكالات الاعلان
653 _aالاعلان
653 _aالحملات الاعلانية
653 _aالدعاية
653 _aالملصقات
942 _cكتاب
999 _c46039
_d46039